MARC details
| 000 -CABECERA |
| campo de control de longitud fija |
01455nam a2200301 a 4500 |
| 001 - NÚMERO DE CONTROL |
| campo de control |
000040625 |
| 003 - IDENTIFICADOR DEL NÚMERO DE CONTROL |
| campo de control |
DO-SdBNP |
| 005 - FECHA Y HORA DE LA ÚLTIMA TRANSACCIÓN |
| campo de control |
20251202114223.0 |
| 008 - DATOS DE LONGITUD FIJA--INFORMACIÓN GENERAL |
| campo de control de longitud fija |
110902s2011 dr 000 0 spa d |
| 020 ## - NÚMERO INTERNACIONAL ESTÁNDAR DEL LIBRO |
| Número Internacional Estándar del Libro |
9788499941646 |
| 040 ## - FUENTE DE LA CATALOGACIÓN |
| Centro catalogador/agencia de origen |
DO-SdBNP |
| Lengua de catalogación |
spa |
| Centro/agencia transcriptor |
BNPHU |
| 082 ## - NÚMERO DE LA CLASIFICACIÓN DECIMAL DEWEY |
| Número de clasificación |
970.016 |
| Número de documento/Ítem |
F363h, |
| 100 1# - ENTRADA PRINCIPAL--NOMBRE DE PERSONA |
| Nombre de persona |
Fernández de Oviedo y Valdés , Gonzalo |
| Títulos y otros términos asociados al nombre |
1478-1557 |
| 9 (RLIN) |
32221 |
| 240 10 - TÍTULO UNIFORME |
| Título uniforme |
Historia general y natural de las Indias |
| 245 10 - MENCIÓN DE TÍTULO |
| Título |
Historia general y natural de las índias : |
| Resto del título |
islas y tierra-firme del mar océano / |
| Mención de responsabilidad, etc. |
Gonzalo Fernández de Oviedo y Valdés ; publícala la Real Academia de la Historia, cotejada con el códice original, enriquecida con las enmiendas y adiciones del autor, é ilustrada con la vida y el juicio de las obras del mismo por D. José Amador de los Rios. |
| 260 ## - PUBLICACIÓN, DISTRIBUCIÓN, ETC. |
| Lugar de publicación, distribución, etc. |
Madrid : |
| Nombre del editor, distribuidor, etc. |
Orbigo, |
| Fecha de publicación, distribución, etc. |
2011. |
| 300 ## - DESCRIPCIÓN FÍSICA |
| Extensión |
v. ; (632 p.) ; |
| Dimensiones |
32 cm. |
| 500 ## - NOTA GENERAL |
| Nota general |
Incluye referencias bibliográficas y notas al pie de las páginas |
| 500 ## - NOTA GENERAL |
| Nota general |
Incluye biografía del autor págs. IX-CVII, v.1 |
| 650 #0 - PUNTO DE ACCESO ADICIONAL DE MATERIA--TÉRMINO DE MATERIA |
| Término de materia o nombre geográfico como elemento de entrada |
Indios de América Central |
| 9 (RLIN) |
4634 |
| 650 #0 - PUNTO DE ACCESO ADICIONAL DE MATERIA--TÉRMINO DE MATERIA |
| Término de materia o nombre geográfico como elemento de entrada |
Indios de las Antillas |
| 9 (RLIN) |
1049 |
| 650 #4 - PUNTO DE ACCESO ADICIONAL DE MATERIA--TÉRMINO DE MATERIA |
| Término de materia o nombre geográfico como elemento de entrada |
Historia natural |
| Subdivisión geográfica |
Antillas |
| 9 (RLIN) |
54542 |
| 650 #4 - PUNTO DE ACCESO ADICIONAL DE MATERIA--TÉRMINO DE MATERIA |
| Término de materia o nombre geográfico como elemento de entrada |
Historia natural |
| Subdivisión geográfica |
América Central |
| 9 (RLIN) |
54543 |
| 650 #4 - PUNTO DE ACCESO ADICIONAL DE MATERIA--TÉRMINO DE MATERIA |
| Término de materia o nombre geográfico como elemento de entrada |
España |
| Subdivisión general |
Colonias |
| Subdivisión geográfica |
América |
| 9 (RLIN) |
59114 |
| 651 #4 - PUNTO DE ACCESO ADICIONAL DE MATERIA--NOMBRE GEOGRÁFICO |
| Nombre geográfico |
América -- |
| Subdivisión general |
Descubrimiento y exploración -- |
| -- |
Españoles |
| Subdivisión de forma |
Ensayo, conferencias, etc. |
| 9 (RLIN) |
544 |
| 700 12 - PUNTO DE ACCESO ADICIONAL--NOMBRE DE PERSONA |
| Nombre de persona |
Amador de los Ríos, José |
| Fechas asociadas al nombre |
1478-1557 |
| 9 (RLIN) |
59115 |
| 942 ## - ELEMENTOS DE PUNTO DE ACCESO ADICIONAL (KOHA) |
| Fuente del sistema de clasificación o colocación |
Dewey Decimal Classification |
| Tipo de ítem Koha |
Libro |